Из социально-экономической истории западно-европейского средневековья : (Record no. 448354)
[ view plain ]
| 000 -LEADER | |
|---|---|
| fixed length control field | 01386nam a22002537a 4500 |
| 003 - CONTROL NUMBER IDENTIFIER | |
| control field | AM-YeHGA |
| 005 - DATE AND TIME OF LATEST TRANSACTION | |
| control field | 20250617160214.0 |
| 008 - FIXED-LENGTH DATA ELEMENTS--GENERAL INFORMATION | |
| fixed length control field | 170929s1960 ru fc|||||||||001|0|rus|| |
| 040 ## - CATALOGING SOURCE | |
| Original cataloging agency | AM-YeHGA |
| 041 0# - LANGUAGE CODE | |
| Language code of text/sound track or separate title | rus |
| 090 ## - LOCALLY ASSIGNED LC-TYPE CALL NUMBER (OCLC); LOCAL CALL NUMBER (RLIN) | |
| -- | 451259 |
| 100 ## - MAIN ENTRY--PERSONAL NAME | |
| Personal name | Грацианский, Николай Павлович. |
| 245 ## - TITLE STATEMENT | |
| Title | Из социально-экономической истории западно-европейского средневековья : |
| Remainder of title | Сборник статей : [Вводная статья А. И. Неусыхина (отв. ред.) и А. И. Данилова] / |
| Statement of responsibility, etc. | Н.П. Грацианский ;Акад. наук СССР, Ин-т истории |
| 260 ## - PUBLICATION, DISTRIBUTION, ETC. | |
| Place of publication, distribution, etc. | Москва : |
| Name of publisher, distributor, etc. | Изд-во Академии наук СССР, |
| Date of publication, distribution, etc. | 1960. |
| 300 ## - PHYSICAL DESCRIPTION | |
| Extent | 408 с. : |
| Other physical details | 1 л. портр. ; |
| Dimensions | 21 см. |
| 500 ## - GENERAL NOTE | |
| General note | Список сокр. : c. 407 |
| 504 ## - BIBLIOGRAPHY, ETC. NOTE | |
| Bibliography, etc. note | "Библиогр. трудов Н. П. Грацианского" и литература о нем, с. 398-406 / Сост. А. Крушинская |
| 504 ## - BIBLIOGRAPHY, ETC. NOTE | |
| Bibliography, etc. note | Библиогр. в подстроч. примеч. |
| 650 14 - SUBJECT ADDED ENTRY--TOPICAL TERM | |
| Topical term or geographic name entry element | История |
| General subdivision | Средние века |
| 650 14 - SUBJECT ADDED ENTRY--TOPICAL TERM | |
| Topical term or geographic name entry element | История |
| General subdivision | Западная Европа |
| Chronological subdivision | 5-15 вв. |
| 700 1# - ADDED ENTRY--PERSONAL NAME | |
| Personal name | Неусыхин, А. И. |
| Relator term | предисл. |
| Relationship | aui |
| 700 1# - ADDED ENTRY--PERSONAL NAME | |
| Personal name | Данилов, А. И. |
| Relator term | предисл. |
| Relationship | aui |
| 942 ## - ADDED ENTRY ELEMENTS (KOHA) | |
| Source of classification or shelving scheme | Universal Decimal Classification |
| Koha item type | Գրքեր / Books |
| Withdrawn status | Lost status | Source of classification or shelving scheme | Damaged status | Not for loan | Collection | Home library | Current library | Date acquired | Total checkouts | Full call number | Barcode | Date last seen | Price effective from | Koha item type | Public note |
|---|---|---|---|---|---|---|---|---|---|---|---|---|---|---|---|
| Universal Decimal Classification | General | Fundamental Scientific Library | Fundamental Scientific Library | 10/03/2020 | PII/35502 | FL0625854 | 10/03/2020 | 10/03/2020 | Գրքեր / Books | 30 Days Loan |
ՀՀ Գիտությունների ազգային ակադեմիայի հիմնարար գիտական գրադարան = Fundamental Scientific Library of NAS RA
All site content, except where otherwise noted, is licensed under a